02279aab a2200445 a 4500003000900000008004100009040001800050041001300068044000700081080001100088245002700099260003600126300004900162505008600211505004400297505009800341505015400439505007200593505010800665505009100773505007400864505006700938505006901005505009901074505014401173505001301317505007501330650003801405653001701443653001201460700003001472773008601502908000801588930001401596942001301610945002001623980004301643999001701686952013001703AR-RoUNA140529||||||||||||||||| |||| 0|||| d aAR-RoUNAbspa aspaaeng aag a72.03613aOn Diseño /nNº 188 aBarcelona :bOn Diseño,c1996 a243.p. :bdib.bfot. col.bplantasc29x24 cm0 aIluminación artificial / Iluminación de hogar. Iluminación técnica. p. 740 tMUESTRA DE ARQUITECTURA CONTEMPORÁNEA0 aSanabria Ramón. Artigues Ramón / Biblioteca rector Gabriel Ferraté. (Barcelona). p. 1060 aAMP arquitectos. Artengo Felipe. Menis Fernando Martín. Rodriguez Pastrana José María/ Edificio residencial Proa. (Santa Cruz Tenerife). p. 1180 aDe las Casas Manuel / 198 Viviendas en Alcobendas. (Madrid). p. 1260 aMartínez Arroyo Carmen Ayuntamiento, clínica y centro de reuniones en Madarcos. ( Madrid). p. 1360 aAvellaneda Jaume. Josep Lluis / Residencia de ancianos en Campdevanol (Girona). p. 1460 aGarcía de Paredes José María, García Pedrosa Ignacio . p. 1560 aBasilio Tobías/ Biblioteca de economía. (Zaragoza). p. 1680 aTerradas Esteban. Terradas Roberto /Acuario de Barcelona. p. 1760 aRavellat Pere Joan. Ribas Carme / 44 Viviendas en el Sector Oeste de Gava. (Barcelona). p. 1860 aVillanueva Alfredo. Alvarez - Ude Luis. Prats Fernando. Muelas Mario / 155 viviendas en La Rinconada. Alcalá de Henares (Madrid). p. 2020 tDISEÑO0 aCorazón Alberto / Máquinas amables, Maquinas inteligentes. p. 212 aArquitectura contemporanea912621 aExposiciones aPremios1 aLlopis, Carmeedrt912622 aOn DiseñodBarcelona, AramEdiciones S.A, 1996gNº188 ( 1997). p.215x0210-2080 aImp c170e6916 2udccART aMBPd2019-02-20 81gMaricel Allasia61aMaricel Allasia c12112d12112 00102udc405070aAR-RoUNAbAR-RoUNAcHemed2025-09-11eDonl0o72.036p1002766r2025-09-11tej. 1w2025-09-11yARTkK400x